| 000 | 00565pab a2200181 454500 | ||
|---|---|---|---|
| 008 | 180718b2005 xxu||||| |||| 00| 0 eng d | ||
| 100 | _aRidder, Hans-Gerd | ||
| 245 | _aAnalysis of public management change processes: the case of local government accounting reforms in Germany | ||
| 260 | _c2005 | ||
| 300 | _ap.443-71. | ||
| 650 | _aLocal government - Germany | ||
| 650 | _aAdministrative reform - Germany | ||
| 650 | _aAdministrative reform | ||
| 700 | _aSpier, Fabian | ||
| 700 | _aBruns, Hans-Jurgen | ||
| 773 | _aPublic Administration | ||
| 909 | _a66120 | ||
| 999 |
_c66120 _d66120 |
||